| 000 | 006690000a22001210004500 | ||
|---|---|---|---|
| 100 | 1 | _aOspina, Mónica. | |
| 245 | 1 | 0 | _aMedellín y los objetivos de desarrollo del milenio. |
| 300 | _ano.22 (Jul., 2010). p, 74-77 | ||
| 520 | _aEn el año 2000 los 189 países miembros de las naciones unidas (onu) adoptaron y firmaron la declaración del milenio donde quedó expresado un acuerdo internacional para impulsar el desarrollo, erradicar la pobreza, promover la dignidad humana y la igualdad, y alcanzar la paz y la sostenibilidad ambiental a escala global. | ||
| 650 | 1 | 4 | _aDESARROLLO DE LA COMUNIDAD |
| 773 | 0 | _tRevista Observar: informe de coyuntura social | |
| 942 | _cANA | ||
| 999 |
_c63140 _d63140 |
||